Statistiques concernant Stations du Léman Express sur une carte

Cliquez ici pour prendre le quiz!

Statistiques générales

  • Ce quiz a été pris 90 fois
  • Le résultat moyen est 21 sur 46

Réponses sur la Carte

Les réponses sont colorées sur une échelle allant du rouge au vert en fonction du pourcentage des utilisateurs qui les ont devinées à leur premier essai. Vous pouvez retrouver ces pourcentages ci-dessous.
 

Statistiques - réponses

Station% Correct
Annemasse
93%
Evian-les-Bains
90%
Annecy
88%
Coppet
84%
Thonon-les-Bains
82%
La Plaine
76%
Bellegarde
75%
Lausanne
75%
Saint-Gervais-les-Bains-Le-Fayet
75%
Genève-Cornavin
70%
Nyon
69%
Morges
52%
Genève-Aéroport
51%
Genève-Eaux-Vives
51%
Versoix
49%
Lancy-Pont-Rouge
48%
Chêne-Bourg
46%
Lancy-Bachet
43%
La Roche-sur-Foron
42%
Meyrin
40%
Mies
40%
Genève-Champel
39%
Genève-Sécheron
39%
Sallanches - Combloux - Megève
37%
Satigny
37%
Chambésy
36%
Vernier
36%
Bons-en-Chablais
34%
Cluses
34%
Genthod-Bellevue
34%
Machilly
34%
Bonneville
33%
Tannay
33%
Creux-de-Genthod
30%
Pougny-Chancy
30%
Reignier
30%
Saint-Pierre-en-Faucigny
30%
Zimeysa
30%
Perrignier
28%
Pont-Céard
27%
Russin
25%
Groisy - Thorens - la-Caille
24%
Pringy
24%
Les Tuileries
22%
Magland
21%
Marignier
21%

Distribution des résultats

Percentile par nombre de réponses

% des personnes avec chaque résultat

Votre développement - résultats

Vous n’avez pas pris ce quiz